Acerca de roderer /

Guardado en:
Autor Principal: Martínez, Guillermo
Formato: Libro
Publicado: Buenos Aires : Planeta, 1999
Materias:
Etiquetas: Agregar Etiqueta
Sin Etiquetas, Sea el primero en etiquetar este registro!
LEADER 00570nam a22001935a 4500
001 CEM.cems011384
008 130507s1999##################000#0#####d
005 20260616165205.0
245 1 0 |a Acerca de roderer /  |c Guillermo Martínez 
260 |a Buenos Aires :  |b Planeta,  |c 1999 
300 |a 140 p. 
020 |a 950742640X 
100 1 |a Martínez, Guillermo 
082 0 4 |a A863.4 
653 |a Litertura 
653 |a Literatura argentina-siglo 20 
653 |a Novelas argentinas-siglo 20 
653 |a Novelas 
859 |a CEMS  |b BIB. CEMS - 11 de abril  |h A863.4LS3  |i M366-1  |p 22315.03  |t Ej.1